| 000 | 00535nam a2200205 i 4500 | ||
|---|---|---|---|
| 001 | 72791 | ||
| 003 | ES-MaACL | ||
| 005 | 20230906171546.0 | ||
| 007 | t| | ||
| 008 | 040903s1920 it ||||1| ita d | ||
| 100 | 1 |
_aGoffi, Carlo. _957585 |
|
| 245 | 1 | 2 |
_aL'Apprendista meccanico / _cCarlo Goffi. |
| 250 | _a2ยช ed. | ||
| 260 |
_aMilano : _b[s.n., _c1920] ( _fTip. Sociale) |
||
| 300 |
_aXX, 382 p. ; _c16 cm. |
||
| 490 | 1 | _aManuali Hoepli | |
| 830 | 0 |
_aManuali Hoepli _9180782 |
|
| 852 |
_aES-MaACL _jF-4344 |
||
| 999 |
_c72791 _d72791 |
||